Т. 1 : Организация и методика проектирования; Проектирование машиностроительных заводов и цехов

Podrobná bibliografie
Parent link:Проектирование машиностроительных заводов и цехов: справочник/ под ред. Е. С. Ямпольского. Т. 1 : Организация и методика проектирования.— , 1974-1976
Shrnutí:В 1-м томе приведены справочные материалы по организации и методике технологического проектирования машиностроительных заводов и цехов. В нем указаны основные направления в проектировании, освещены вопросы специализации и кооперирования; даны материалы по организационной структуре технологических проектных организаций; по планированию и финансированию проектных работ, технико-экономическому обоснованию строительства и реконструкции завода, составлению задания на проектирование, выбору площадки для строительства, сбору исходных данных для проектирования, обследованию заводов, подлежащих реконструкции. Включены данные по подготовке проектирования: составлению заданий на разработку технологической и других частей проекта, по порядку прохождения проектной документации по этапам и стадиям проектирования. Приведены сведения о составе, содержании и объеме технологической проектной документации, об эталонах проектных материалов, единой терминологии проектных технологических понятий и методике их применения, а также перечень руководящих, нормативных и справочных материалов. Рассмотрены вопросы организации рабочих мест проектировщиков, механизации графических, расчетно-вычислительных и множительных работ. Книга предназначена для инженерно-технических работников проектных и экспертных организаций, отделов капитального строительства машиностроительных заводов.
Jazyk:ruština
Vydáno: 1974
Témata:
Médium: Kniha
KOHA link:https://koha.lib.tpu.ru/cgi-bin/koha/opac-detail.pl?biblionumber=34670

MARC

LEADER 00000nam2a2200000 4500
001 34670
005 20231030230550.0
035 |a (RuTPU)RU\TPU\book\35075 
035 |a BOOK00001726 
090 |a 34670 
100 |a 20011210d1974 km y0rusy50 ca 
101 0 |a rus 
102 |a RU 
105 |a a g 000zy 
200 0 |a Т. 1 : Организация и методика проектирования 
210 |d 1974 
215 |a 296 с.  |c ил. 
330 |a В 1-м томе приведены справочные материалы по организации и методике технологического проектирования машиностроительных заводов и цехов. В нем указаны основные направления в проектировании, освещены вопросы специализации и кооперирования; даны материалы по организационной структуре технологических проектных организаций; по планированию и финансированию проектных работ, технико-экономическому обоснованию строительства и реконструкции завода, составлению задания на проектирование, выбору площадки для строительства, сбору исходных данных для проектирования, обследованию заводов, подлежащих реконструкции. Включены данные по подготовке проектирования: составлению заданий на разработку технологической и других частей проекта, по порядку прохождения проектной документации по этапам и стадиям проектирования. Приведены сведения о составе, содержании и объеме технологической проектной документации, об эталонах проектных материалов, единой терминологии проектных технологических понятий и методике их применения, а также перечень руководящих, нормативных и справочных материалов. Рассмотрены вопросы организации рабочих мест проектировщиков, механизации графических, расчетно-вычислительных и множительных работ. Книга предназначена для инженерно-технических работников проектных и экспертных организаций, отделов капитального строительства машиностроительных заводов. 
461 1 |0 (RuTPU)RU\TPU\book\129261  |t Проектирование машиностроительных заводов и цехов  |o справочник  |o в 6 т.  |f под ред. Е. С. Ямпольского  |v Т. 1 : Организация и методика проектирования  |d 1974-1976 
610 1 |a механические цеха 
610 1 |a машиностроительные заводы 
610 1 |a проектирование 
610 1 |a проектные работы 
610 1 |a проектная документация 
610 1 |a составы 
610 1 |a содержание 
610 1 |a проектные материалы 
610 1 |a терминология 
610 1 |a применение 
610 1 |a справочники 
675 |a 621.801(035)  |v 3 
801 0 |a RU  |b 63413507  |c 20011210  |g PSBO 
801 2 |a RU  |b 63413507  |c 20221024  |g PSBO 
900 |a Проектирование механосборочных цехов 
942 |c BK